The trials of the martyrs - legal and cosmic aspects of late mediaeval visual Topoi

Elmentve itt :
Bibliográfiai részletek
Szerző: Gerat Ivan
Dokumentumtípus: Könyv része
Megjelent: JATEPress Szeged 2012
Sorozat:Acta Universitatis Szegediensis de Attila József nominatae : papers in english and american studies 21
Papers in English and American studies : Tomus XXI. - The iconology of law and order : legal and cosmic 21
Kulcsszavak:Képzőművészet, Ikonográfia
Tárgyszavak:
Online Access:http://acta.bibl.u-szeged.hu/86853
LEADER 01078naa a2200241 i 4500
001 acta86853
005 20250328153429.0
008 250328s2012 hu o 000 eng d
020 |a 978-963-315-076-4 
022 |a 0230-2780 
040 |a SZTE Egyetemi Kiadványok Repozitórium  |b hun 
041 |a eng 
100 1 |a Gerat Ivan 
245 1 4 |a The trials of the martyrs - legal and cosmic aspects of late mediaeval visual Topoi  |h [elektronikus dokumentum] /  |c  Gerat Ivan 
260 |a JATEPress  |b Szeged  |c 2012 
300 |a 29-39 
490 0 |a Acta Universitatis Szegediensis de Attila József nominatae : papers in english and american studies  |v 21 
490 0 |a Papers in English and American studies : Tomus XXI. - The iconology of law and order : legal and cosmic  |v 21 
650 4 |a Bölcsészettudományok 
650 4 |a Történettudomány és régészet 
650 4 |a Művészetek (művészetek, művészettörténet, előadóművészetek, zene) 
695 |a Képzőművészet, Ikonográfia 
856 4 0 |u http://acta.bibl.u-szeged.hu/86853/1/papers_021_029-039.pdf  |z Dokumentum-elérés